000 00222nam a2200097Ia 4500
008 170619s9999 xx 000 0 und d
100 _aKuttan- Appuu
245 0 _aIntroduction to Mechatronics
260 _bOxford
260 _c2012
546 _aENGLISH
999 _c20854
_d20854